<?xml version="1.0" encoding="UTF-8"?>
<marc:record xmlns:marc="http://www.loc.gov/MARC21/slim">
   <marc:leader>00000nam a2200000 a 4500</marc:leader>
   <marc:datafield ind1="1" ind2=" " tag="100">
      <marc:subfield code="a">Kishimoto, Masashi</marc:subfield>
      <marc:subfield code="4">aut</marc:subfield>
      <marc:subfield code="e">Verfasser/-in</marc:subfield>
   </marc:datafield>
   <marc:datafield ind1="1" ind2=" " tag="100">
      <marc:subfield code="a">Tsuji, Miyuki</marc:subfield>
      <marc:subfield code="4">trl</marc:subfield>
      <marc:subfield code="e">Übersetzer/-in</marc:subfield>
   </marc:datafield>
   <marc:datafield ind1="0" ind2="0" tag="245">
      <marc:subfield code="a">Naruto Massiv 10</marc:subfield>
   </marc:datafield>
   <marc:datafield ind1="0" ind2="0" tag="245">
      <marc:subfield code="b">Gaara wird gerettet!</marc:subfield>
   </marc:datafield>
   <marc:datafield ind1="0" ind2="0" tag="245">
      <marc:subfield code="c">Masashi Kishimoto ; aus dem Japanischen von Miyuki Tsuji</marc:subfield>
   </marc:datafield>
   <marc:datafield ind1=" " ind2="1" tag="264">
      <marc:subfield code="a">Hamburg</marc:subfield>
      <marc:subfield code="b">Carlsen Manga!</marc:subfield>
   </marc:datafield>
   <marc:datafield ind1=" " ind2=" " tag="250">
      <marc:subfield code="a">1. Aufl.</marc:subfield>
   </marc:datafield>
   <marc:datafield ind1="1" ind2=" " tag="520">
      <marc:subfield code="a">Angaben aus der Verlagsmeldung &lt;br/&gt;&lt;br/&gt; &lt;br/&gt;&lt;br/&gt;  NARUTO Massiv 10 / von Masashi Kishimoto &lt;br/&gt;&lt;br/&gt; &lt;br/&gt;NARUTO Neuedition&lt;br/&gt;&lt;br/&gt;Die fette Neuauflage des berühmtesten Ninja ever!&lt;br/&gt;&lt;br/&gt;In 700 Kapiteln bewies Naruto immer wieder, wie stark sein Wille war ein guter Ninja zu werden, aber auch wie unglaublich groß sein Hang zum Blödsinn war. Über die Jahre erlernte Naruto alle Ninja-Techniken und rettete die Welt vor ihrem sicheren Untergang!&lt;br/&gt;&lt;br/&gt;Nun kommt die Klopper-Neuausgabe mit zum Teil über 800 Seiten zum Monster-Hammer-Preis von 9,99 !&lt;br/&gt;&lt;br/&gt;Die muss man haben!</marc:subfield>
   </marc:datafield>
   <marc:datafield ind1=" " ind2=" " tag="020">
      <marc:subfield code="a">9783551795366</marc:subfield>
      <marc:subfield code="9">9783551795366</marc:subfield>
   </marc:datafield>
   <marc:datafield ind1=" " ind2=" " tag="041">
      <marc:subfield code="a">ger</marc:subfield>
   </marc:datafield>
   <marc:datafield ind1="1" ind2=" " tag="521">
      <marc:subfield code="a">0</marc:subfield>
   </marc:datafield>
   <marc:datafield ind1=" " ind2=" " tag="300">
      <marc:subfield code="a">629 Seiten</marc:subfield>
   </marc:datafield>
</marc:record>
